000 00634nam a2200277Ia 4500
003 OSt
005 20220912152530.0
006 a|||||r|||| 00| 0
007 ta
008 220909b |||||||| |||| 00| 0 eng d
024 _a43268
037 _cTextual
040 _aCSL
_beng
_cCSL
041 _aeng
082 _aG12, J04
100 _aFinerty J C
245 0 _aTextbook of histology
250 _aEd 5th
260 _c1950
300 _ap.
_ccm.
650 _a Tissue
650 _aBiology
700 _a Cowdry E V
942 _hG12, J04
_cTEXL
_2CC
999 _c87920
_d87920